| 000 | 00000nas 2200000za 4500 |
| 001 | 9.864743 |
| 003 | CaOODSP |
| 005 | 20221107161628 |
| 007 | cr ||||||||||| |
| 008 | 181115d19721977onczx p oss f000#b0fre| |
| 040 | |aCaOODSP|bfre |
| 041 | |aeng|afre |
| 043 | |an-cn--- |
| 086 | 1 |aCS32-022-PDF |
| 245 | 00|aTobacco and tobacco products |h[ressource électronique] / |cManufacturing and Primary Industries Division = Tabac et produits du tabac / Division des industries manufacturières et primaires. |
| 246 | 11|aTabac et produits du tabac |
| 260 | |aOttawa : |bStatistique Canada, |c1972-1978. |
| 310 | |aMensuel |
| 362 | 0 |aVol. 1, no. 1-v. 6, no. 16. |
| 490 | 1 |aBulletin de service |
| 500 | |aÉdition numérisée de l’imprimé [par Statistique Canada]. |
| 500 | |aVariantes dans le sous-titre |
| 515 | |aNuméro du 30 juin 1975 (v. 4, n ° 11) numéroté incorrectement v. 4, n ° 10. |
| 515 | |aNuméro de juin 1976 (v. 5, n ° 7) numéroté incorrectement v. 5, n ° 6. |
| 515 | |aNuméro pour août 1976 (v. 5, n ° 10) numéroté de manière incorrecte v. 5, n ° 9. |
| 546 | |aTexte en anglais et en français. |
| 692 | 07|2gccst|aIndustrie du tabac |
| 710 | 1 |aCanada. |bStatistique Canada. |bDivision des industries manufacturières et primaires. |
| 780 | 00|tProduction and disposition of tobacco products |w(CaOODSP)9.864731 |
| 785 | 00|tProduction and disposition of tobacco products |w(CaOODSP)9.500046 |
| 791 | |tTobacco and tobacco products |eeng|w(CaOODSP)9.864733 |